000 00843nam a2200205 i 4500
001 154275
003 ES-MaACL
005 20230906205609.0
008 931025s1887 sp |||| | spa d
080 _a929.52 Alós
100 1 _aAlós y de Dou, José Maria de.
_9148002
245 1 0 _aGenealogía de la familia Alós.
260 _aMadrid :
_b[s.n.],
_c1887 (
_fImp. del Depósito de la Guerra)
300 _a148 p. ;
_c23 cm.
530 _aDisponible también en sitio web.
594 _aAutor (pág.148): José María Alós y de Dou.
600 1 4 _aAlós (Familia)-
_xGenealogía.
_9148003
852 _aES-MaACL
_jT-469-F-8
_z-- Enc. hol., falto de la enc. original
_z-- Enc. en un vol. facticio
856 _uhttp://bibliotecadigitalhispanica.bne.es:80/webclient/DeliveryManager?pid=2813483&custom_att_2=simple_viewer
_zIr a la página
999 _c154275
_d154275